Sbornik zadač i upražnenij po matematike dľa studentov inostrancev

Salvato in:
Dettagli Bibliografici
Autori principali: Dorochin, Dmitrij Petrovič (Autore), Plaksenko, Zinaida Jevdekimovna (Autore), Bažora, Galina Fedorovna (Autore)
Natura: Libro
Lingua:russo
Pubblicazione: Moskva : Vyšča škola, 1986
Edizione:2.izd.
Tags: Aggiungi Tag
Nessun Tag, puoi essere il primo ad aggiungerne!!

MARC

LEADER 00000nam a22000003a 4500
001 stu8377
005 20150617225805.6
008 950105s1986----xxr-----------------rus-d
040 |a STU  |b slo 
041 0 |a rus 
044 |a xxr 
080 |a 51(076.1)  |7 stu_us_auth*stu6440 
100 1 |a Dorochin, Dmitrij Petrovič  |4 aut 
245 1 |a Sbornik zadač i upražnenij po matematike dľa studentov inostrancev 
250 |a 2.izd. 
260 |a Moskva :  |b Vyšča škola,  |c 1986 
300 |a 247 s 
700 1 |a Plaksenko, Zinaida Jevdekimovna  |4 aut 
700 1 |a Bažora, Galina Fedorovna  |4 aut 
996 |b E62209  |c E*62209  |l EE03  |s P  |a 0  |w stu8377_0002